[Event "British Rapidplay Championship 2023"]
[Site "Mercure Bradford, Bankfield Hotel"]
[Date "2023.04.16"]
[Round "11.7"]
[White "Cuaresma, Gerald"]
[Black "Harker, Peter"]
[Result "1-0"]
[TimeControl "All moves in 15 minutes plus 10 second increment per move from move 1"]
[WhiteElo "1904"]
[BlackElo "1481"]

1. d4 {[%clk 00:15:18]} {[%emt 00:00:01]} d5 {[%clk 00:15:18]} {[%emt
00:00:03]} 2. Bg5 {[%clk 00:15:26]} {[%emt 00:00:02]} h6 {[%clk 00:15:24]}
{[%emt 00:00:04]} 3. Bh4 {[%clk 00:15:35]} g5 {[%clk 00:15:33]} {[%emt
00:00:01]} 4. Bg3 {[%clk 00:15:43]} Bg7 {[%clk 00:15:41]} {[%emt 00:00:02]} 5.
e3 {[%clk 00:15:49]} {[%emt 00:00:04]} Bf5 {[%clk 00:15:43]} {[%emt 00:00:08]}
6. Bd3 {[%clk 00:15:55]} {[%emt 00:00:04]} Bxd3 {[%clk 00:15:21]} {[%emt
00:00:33]} 7. Qxd3 {[%clk 00:16:04]} {[%emt 00:00:01]} c6 {[%clk 00:15:28]}
{[%emt 00:00:04]} 8. Nf3 {[%clk 00:16:02]} {[%emt 00:00:11]} Qb6 {[%clk
00:15:13]} {[%emt 00:00:25]} 9. Nbd2 {[%clk 00:14:09]} {[%emt 00:02:03]} e6
{[%clk 00:14:50]} {[%emt 00:00:32]} 10. O-O {[%clk 00:14:07]} {[%emt 00:00:12]}
Ne7 {[%clk 00:14:30]} {[%emt 00:00:31]} 11. b3 {[%clk 00:14:10]} {[%emt
00:00:07]} Nf5 {[%clk 00:14:38]} {[%emt 00:00:02]} 12. Be5 {[%clk 00:13:55]}
{[%emt 00:00:25]} Nd7 {[%clk 00:14:18]} {[%emt 00:00:30]} 13. Bxg7 {[%clk
00:13:45]} {[%emt 00:00:20]} Nxg7 {[%clk 00:14:26]} {[%emt 00:00:01]} 14. c4
{[%clk 00:13:48]} {[%emt 00:00:08]} Qc7 {[%clk 00:13:56]} {[%emt 00:00:40]} 15.
Rac1 {[%clk 00:13:34]} {[%emt 00:00:23]} O-O-O {[%clk 00:12:12]} {[%emt
00:01:54]} 16. b4 {[%clk 00:13:09]} {[%emt 00:00:36]} dxc4 {[%clk 00:11:29]}
{[%emt 00:00:53]} 17. Nxc4 {[%clk 00:12:13]} {[%emt 00:01:05]} Nb6 {[%clk
00:11:32]} {[%emt 00:00:07]} 18. e4 {[%clk 00:11:51]} {[%emt 00:00:33]} Nxc4
{[%clk 00:11:06]} {[%emt 00:00:36]} 19. Qxc4 {[%clk 00:11:52]} {[%emt
00:00:09]} g4 {[%clk 00:10:40]} {[%emt 00:00:37]} 20. Ne5 {[%clk 00:11:55]}
{[%emt 00:00:06]} h5 {[%clk 00:09:52]} {[%emt 00:00:57]} 21. b5 {[%clk
00:11:26]} {[%emt 00:00:40]} f6 {[%clk 00:08:55]} {[%emt 00:01:06]} 22. bxc6
{[%clk 00:11:34]} {[%emt 00:00:02]} b6 {[%clk 00:08:30]} {[%emt 00:00:35]} 23.
Nd7 {[%clk 00:11:29]} {[%emt 00:00:15]} 1-0

[Event "British Rapidplay Championship 2023"]
[Site "Mercure Bradford, Bankfield Hotel"]
[Date "2023.04.16"]
[Round "11.8"]
[White "Gopakumar, Siddharth"]
[Black "Lukhi, Neev"]
[Result "1-0"]
[TimeControl "All moves in 15 minutes plus 10 second increment per move from move 1"]
[WhiteElo "1870"]
[BlackElo "1544"]

1. d4 {[%clk 00:15:19]} {[%emt 00:00:01]} Nf6 {[%emt 00:00:04]} 2. c4 {[%clk
00:15:27]} e6 {[%clk 00:15:27]} {[%emt 00:00:01]} 3. Nc3 {[%clk 00:15:32]}
{[%emt 00:00:04]} Bb4 {[%clk 00:15:35]} {[%emt 00:00:01]} 4. Qc2 {[%clk
00:15:37]} {[%emt 00:00:06]} O-O {[%clk 00:15:22]} {[%emt 00:00:24]} 5. g3
{[%clk 00:15:42]} {[%emt 00:00:04]} d5 {[%clk 00:15:22]} {[%emt 00:00:10]} 6.
cxd5 {[%clk 00:15:43]} {[%emt 00:00:09]} exd5 {[%clk 00:15:30]} {[%emt
00:00:01]} 7. Bg2 {[%clk 00:15:52]} {[%emt 00:00:02]} c6 {[%clk 00:15:26]}
{[%emt 00:00:14]} 8. a3 {[%clk 00:15:59]} {[%emt 00:00:04]} Bxc3+ {[%clk
00:15:34]} {[%emt 00:00:02]} 9. Qxc3 {[%clk 00:16:08]} {[%emt 00:00:01]} Bf5
{[%clk 00:15:13]} {[%emt 00:00:31]} 10. Bg5 {[%clk 00:15:44]} {[%emt 00:00:33]}
h6 {[%clk 00:15:21]} {[%emt 00:00:02]} 11. Bxf6 {[%clk 00:15:52]} {[%emt
00:00:02]} Qxf6 {[%clk 00:15:28]} {[%emt 00:00:03]} 12. Nf3 {[%clk 00:15:49]}
{[%emt 00:00:13]} Nd7 {[%clk 00:15:09]} {[%emt 00:00:29]} 13. O-O {[%clk
00:15:52]} {[%emt 00:00:07]} Rfe8 {[%clk 00:15:01]} {[%emt 00:00:18]} 14. Rfe1
{[%clk 00:15:58]} {[%emt 00:00:04]} Be4 {[%clk 00:14:14]} {[%emt 00:00:57]} 15.
Nd2 {[%clk 00:16:02]} {[%emt 00:00:06]} Bxg2 {[%clk 00:14:12]} {[%emt
00:00:13]} 16. Kxg2 {[%clk 00:16:10]} {[%emt 00:00:02]} Qd6 {[%clk 00:13:24]}
{[%emt 00:00:56]} 17. f3 {[%clk 00:15:57]} {[%emt 00:00:24]} Nf6 {[%clk
00:12:45]} {[%emt 00:00:49]} 18. e4 {[%clk 00:15:44]} {[%emt 00:00:24]} dxe4
{[%clk 00:12:39]} {[%emt 00:00:16]} 19. fxe4 {[%clk 00:15:42]} {[%emt
00:00:12]} Rad8 {[%clk 00:11:55]} {[%emt 00:00:53]} 20. e5 {[%clk 00:15:33]}
{[%emt 00:00:19]} Qd5+ {[%clk 00:12:03]} {[%emt 00:00:02]} 21. Qf3 {[%clk
00:15:41]} {[%emt 00:00:02]} Qxf3+ {[%clk 00:09:29]} {[%emt 00:02:44]} 22. Nxf3
{[%clk 00:15:30]} {[%emt 00:00:21]} Nd5 {[%clk 00:09:32]} {[%emt 00:00:07]} 23.
Rad1 {[%clk 00:15:31]} {[%emt 00:00:09]} f6 {[%clk 00:09:13]} {[%emt 00:00:29]}
24. Kf2 {[%clk 00:15:30]} {[%emt 00:00:11]} fxe5 {[%clk 00:08:54]} {[%emt
00:00:29]} 25. Rxe5 {[%clk 00:15:26]} {[%emt 00:00:14]} Rxe5 {[%clk 00:08:46]}
{[%emt 00:00:18]} 26. Nxe5 {[%clk 00:15:34]} {[%emt 00:00:02]} Nf6 {[%clk
00:08:46]} {[%emt 00:00:10]} 27. Ke3 {[%clk 00:15:31]} {[%emt 00:00:13]} Nd5+
{[%clk 00:07:58]} {[%emt 00:00:58]} 28. Kd3 {[%clk 00:15:19]} {[%emt 00:00:22]}
Nb6 {[%clk 00:07:41]} {[%emt 00:00:25]} 29. Rd2 {[%clk 00:14:48]} {[%emt
00:00:43]} c5 {[%clk 00:06:57]} {[%emt 00:00:53]} 30. Ke3 {[%clk 00:14:14]}
{[%emt 00:00:45]} cxd4+ {[%clk 00:06:23]} {[%emt 00:00:44]} 31. Rxd4 {[%clk
00:14:21]} {[%emt 00:00:03]} Re8 {[%clk 00:05:46]} {[%emt 00:00:46]} 32. Re4
{[%clk 00:13:56]} {[%emt 00:00:36]} Rd8 {[%clk 00:05:05]} {[%emt 00:00:51]} 33.
Nc4 {[%clk 00:13:29]} {[%emt 00:00:37]} Nxc4+ {[%clk 00:05:10]} {[%emt
00:00:05]} 34. Rxc4 {[%clk 00:13:37]} {[%emt 00:00:01]} Rd7 {[%clk 00:05:15]}
{[%emt 00:00:11]} 35. Ke4 {[%clk 00:13:28]} {[%emt 00:00:14]} Rd2 {[%clk
00:04:46]} {[%emt 00:00:39]} 36. Rb4 {[%clk 00:13:27]} {[%emt 00:00:11]} Rd7
{[%clk 00:04:34]} {[%emt 00:00:21]} 37. Ke5 {[%clk 00:13:32]} {[%emt 00:00:06]}
Kh7 {[%clk 00:04:02]} {[%emt 00:00:42]} 38. h4 {[%clk 00:13:18]} {[%emt
00:00:24]} Kg6 {[%clk 00:03:31]} {[%emt 00:00:41]} 39. g4 {[%clk 00:13:19]}
{[%emt 00:00:09]} Kh7 {[%clk 00:03:32]} {[%emt 00:00:09]} 40. Ke6 {[%clk
00:13:20]} {[%emt 00:00:09]} Rc7 {[%clk 00:03:38]} {[%emt 00:00:04]} 41. Kd6
{[%clk 00:13:25]} {[%emt 00:00:05]} Rf7 {[%clk 00:03:41]} {[%emt 00:00:06]} 42.
h5 {[%clk 00:11:52]} {[%emt 00:01:44]} Kg8 {[%clk 00:03:09]} {[%emt 00:00:42]}
43. Rc4 {[%clk 00:11:54]} {[%emt 00:00:09]} Rf6+ {[%clk 00:02:40]} {[%emt
00:00:38]} 44. Kc7 {[%clk 00:12:00]} {[%emt 00:00:04]} Rf7+ {[%clk 00:02:35]}
{[%emt 00:00:16]} 45. Kb8 {[%clk 00:12:07]} {[%emt 00:00:02]} Re7 {[%clk
00:01:43]} {[%emt 00:01:02]} 46. Rb4 {[%clk 00:12:06]} {[%emt 00:00:12]} b6
{[%clk 00:01:36]} {[%emt 00:00:17]} 47. Rc4 {[%clk 00:11:41]} {[%emt 00:00:33]}
a5 {[%clk 00:01:09]} {[%emt 00:00:38]} 48. Rc6 {[%clk 00:11:42]} {[%emt
00:00:09]} b5 {[%clk 00:01:09]} {[%emt 00:00:11]} 49. Rc5 {[%clk 00:11:42]}
{[%emt 00:00:09]} b4 {[%clk 00:01:06]} {[%emt 00:00:13]} 50. axb4 {[%clk
00:11:50]} {[%emt 00:00:02]} axb4 {[%clk 00:01:12]} {[%emt 00:00:05]} 51. Rc4
{[%clk 00:11:57]} {[%emt 00:00:02]} Kf7 {[%clk 00:01:15]} {[%emt 00:00:08]} 52.
Rxb4 {[%clk 00:12:00]} {[%emt 00:00:07]} Kf6 {[%clk 00:01:24]} {[%emt
00:00:01]} 53. Rc4 {[%clk 00:11:58]} {[%emt 00:00:12]} Kg5 {[%emt 00:00:18]} 54.
b4 {[%clk 00:12:04]} Re3 {[%clk 00:01:19]} {[%emt 00:00:10]} 55. Ka7 {[%clk
00:11:56]} {[%emt 00:00:18]} Rb3 {[%clk 00:01:20]} {[%emt 00:00:10]} 56. Ka6
{[%clk 00:11:58]} {[%emt 00:00:08]} Ra3+ {[%clk 00:01:18]} {[%emt 00:00:12]} 57.
Kb6 {[%clk 00:12:04]} {[%emt 00:00:03]} Rb3 {[%clk 00:01:25]} {[%emt 00:00:03]}
58. b5 {[%clk 00:12:11]} {[%emt 00:00:03]} Rg3 {[%clk 00:01:18]} {[%emt
00:00:17]} 59. Kc6 {[%clk 00:12:17]} {[%emt 00:00:03]} Rxg4 {[%clk 00:01:27]}
{[%emt 00:00:02]} 60. Rxg4+ {[%clk 00:12:25]} Kxg4 {[%clk 00:01:35]} {[%emt
00:00:04]} 61. b6 {[%clk 00:12:34]} {[%emt 00:00:01]} Kxh5 {[%clk 00:01:43]}
{[%emt 00:00:01]} 62. b7 {[%clk 00:12:44]} g5 {[%clk 00:01:51]} {[%emt
00:00:02]} 63. b8=Q {[%clk 00:12:52]} {[%emt 00:00:02]} g4 {[%clk 00:01:57]}
{[%emt 00:00:04]} 64. Kd5 {[%clk 00:12:44]} {[%emt 00:00:18]} Kh4 {[%clk
00:02:04]} {[%emt 00:00:02]} 65. Qd8+ {[%clk 00:12:51]} {[%emt 00:00:04]} Kh3
{[%clk 00:02:11]} {[%emt 00:00:01]} 66. Qh8 {[%clk 00:12:59]} {[%emt 00:00:04]}
g3 {[%clk 00:02:17]} {[%emt 00:00:05]} 67. Qxh6+ {[%clk 00:13:07]} {[%emt
00:00:01]} Kg2 {[%clk 00:02:26]} {[%emt 00:00:01]} 68. Qd2+ {[%clk 00:13:15]}
{[%emt 00:00:03]} Kh1 {[%clk 00:02:33]} {[%emt 00:00:01]} 69. Qh6+ {[%clk
00:13:23]} {[%emt 00:00:03]} Kg1 {[%clk 00:02:40]} {[%emt 00:00:02]} 70. Ke4
{[%clk 00:13:20]} {[%emt 00:00:14]} g2 {[%clk 00:02:47]} {[%emt 00:00:03]} 71.
Kf3 {[%clk 00:13:24]} {[%emt 00:00:06]} Kf1 {[%clk 00:02:56]} {[%emt 00:00:01]}
72. Qh3 {[%clk 00:13:30]} {[%emt 00:00:04]} Ke1 {[%clk 00:03:00]} {[%emt
00:00:06]} 73. Qxg2 {[%clk 00:13:37]} {[%emt 00:00:03]} 1-0

[Event "British Rapidplay Championship 2023"]
[Site "Mercure Bradford, Bankfield Hotel"]
[Date "2023.04.16"]
[Round "11.9"]
[White "Cheng, Louis"]
[Black "Slinger, AJ (Tony)"]
[Result "0-1"]
[TimeControl "All moves in 15 minutes plus 10 second increment per move from move 1"]
[WhiteElo "1617"]
[BlackElo "1841"]

1. e4 {[%clk 00:15:17]} {[%emt 00:00:02]} d6 {[%clk 00:15:19]} {[%emt
00:00:02]} 2. d4 {[%clk 00:15:24]} {[%emt 00:00:03]} Nf6 {[%clk 00:15:27]}
{[%emt 00:00:01]} 3. Nc3 {[%clk 00:15:32]} {[%emt 00:00:03]} e5 {[%clk
00:15:36]} {[%emt 00:00:01]} 4. dxe5 {[%clk 00:15:37]} {[%emt 00:00:05]} dxe5
{[%clk 00:15:44]} {[%emt 00:00:02]} 5. Qxd8+ {[%clk 00:15:45]} {[%emt
00:00:02]} Kxd8 {[%clk 00:15:53]} {[%emt 00:00:01]} 6. Nf3 {[%clk 00:15:52]}
{[%emt 00:00:03]} Bd6 {[%clk 00:15:46]} {[%emt 00:00:17]} 7. Bg5 {[%clk
00:15:30]} {[%emt 00:00:31]} c6 {[%clk 00:15:35]} {[%emt 00:00:22]} 8. O-O-O
{[%clk 00:15:31]} {[%emt 00:00:09]} Ke7 {[%clk 00:15:26]} {[%emt 00:00:18]} 9.
Bc4 {[%clk 00:15:22]} {[%emt 00:00:18]} Be6 {[%clk 00:15:28]} {[%emt 00:00:10]}
10. Bxe6 {[%clk 00:15:25]} {[%emt 00:00:07]} Kxe6 {[%clk 00:15:35]} {[%emt
00:00:03]} 11. Bxf6 {[%clk 00:14:45]} {[%emt 00:00:49]} gxf6 {[%clk 00:15:43]}
{[%emt 00:00:02]} 12. Nh4 {[%clk 00:14:53]} {[%emt 00:00:02]} Nd7 {[%clk
00:15:51]} {[%emt 00:00:03]} 13. Nf5 {[%clk 00:15:00]} {[%emt 00:00:03]} Bc7
{[%clk 00:13:27]} {[%emt 00:02:33]} 14. Rd2 {[%clk 00:14:44]} {[%emt 00:00:26]}
Rhd8 {[%clk 00:12:48]} {[%emt 00:00:50]} 15. Rhd1 {[%clk 00:14:13]} {[%emt
00:00:41]} Nb6 {[%clk 00:12:32]} {[%emt 00:00:27]} 16. Ng7+ {[%clk 00:12:53]}
{[%emt 00:01:29]} Ke7 {[%clk 00:12:39]} {[%emt 00:00:03]} 17. Nf5+ {[%clk
00:13:01]} {[%emt 00:00:03]} Ke6 {[%clk 00:11:49]} {[%emt 00:01:00]} 18. Ng7+
{[%clk 00:11:41]} {[%emt 00:01:29]} Ke7 {[%clk 00:11:58]} {[%emt 00:00:01]} 19.
Nf5+ {[%clk 00:11:50]} {[%emt 00:00:02]} Ke6 {[%clk 00:10:11]} {[%emt
00:01:57]} 20. b3 {[%clk 00:11:07]} {[%emt 00:00:52]} Rxd2 {[%clk 00:10:15]}
{[%emt 00:00:05]} 21. Rxd2 {[%clk 00:11:14]} {[%emt 00:00:03]} Rd8 {[%clk
00:10:23]} {[%emt 00:00:02]} 22. Rxd8 {[%clk 00:11:12]} {[%emt 00:00:13]} Bxd8
{[%clk 00:10:32]} {[%emt 00:00:01]} 23. Nd1 {[%clk 00:10:51]} {[%emt 00:00:32]}
Nc8 {[%clk 00:09:39]} {[%emt 00:01:03]} 24. Nde3 {[%clk 00:10:09]} {[%emt
00:00:51]} Bb6 {[%clk 00:09:44]} {[%emt 00:00:06]} 25. Kd2 {[%clk 00:09:56]}
{[%emt 00:00:22]} Bxe3+ {[%clk 00:09:12]} {[%emt 00:00:43]} 26. Kxe3 {[%clk
00:10:02]} {[%emt 00:00:03]} Nd6 {[%clk 00:09:12]} {[%emt 00:00:10]} 27. Nxd6
{[%clk 00:08:53]} {[%emt 00:01:19]} Kxd6 {[%clk 00:09:20]} {[%emt 00:00:01]} 28.
b4 {[%clk 00:09:02]} {[%emt 00:00:02]} c5 {[%clk 00:09:04]} {[%emt 00:00:26]}
29. c3 {[%clk 00:09:08]} {[%emt 00:00:03]} cxb4 {[%clk 00:09:13]} {[%emt
00:00:02]} 30. cxb4 {[%clk 00:09:16]} {[%emt 00:00:02]} Kc6 {[%clk 00:08:07]}
{[%emt 00:01:15]} 31. Kd3 {[%clk 00:08:20]} {[%emt 00:01:07]} Kb5 {[%clk
00:07:53]} {[%emt 00:00:24]} 32. Kc3 {[%clk 00:08:17]} {[%emt 00:00:12]} Ka4
{[%clk 00:08:01]} {[%emt 00:00:02]} 33. Kc4 {[%clk 00:08:25]} {[%emt 00:00:02]}
Ka3 {[%clk 00:07:13]} {[%emt 00:00:59]} 34. b5 {[%clk 00:08:32]} {[%emt
00:00:03]} Kxa2 {[%clk 00:07:21]} {[%emt 00:00:02]} 35. Kc5 {[%clk 00:08:31]}
{[%emt 00:00:11]} Kb3 {[%clk 00:07:29]} {[%emt 00:00:02]} 36. b6 {[%clk
00:08:38]} {[%emt 00:00:03]} a5 {[%clk 00:07:36]} {[%emt 00:00:04]} 37. Kd6
{[%clk 00:08:45]} {[%emt 00:00:02]} a4 {[%clk 00:07:45]} {[%emt 00:00:02]} 38.
Kc7 {[%clk 00:08:54]} a3 {[%clk 00:07:54]} {[%emt 00:00:01]} 39. Kxb7 {[%clk
00:09:02]} {[%emt 00:00:01]} a2 {[%clk 00:08:02]} {[%emt 00:00:02]} 40. Kc7
{[%clk 00:09:11]} {[%emt 00:00:01]} a1=Q {[%emt 00:00:03]} 41. b7 {[%clk
00:09:19]} {[%emt 00:00:02]} Qc3+ {[%clk 00:07:46]} {[%emt 00:00:34]} 42. Kb6
{[%clk 00:09:24]} {[%emt 00:00:04]} Qb4+ {[%clk 00:07:54]} {[%emt 00:00:02]} 43.
Kc7 {[%clk 00:09:30]} {[%emt 00:00:02]} Qc5+ {[%clk 00:07:37]} {[%emt
00:00:29]} 44. Kd8 {[%clk 00:09:34]} {[%emt 00:00:05]} Qb6+ {[%clk 00:07:46]}
{[%emt 00:00:02]} 45. Kc8 {[%clk 00:09:43]} {[%emt 00:00:01]} Qc6+ {[%clk
00:07:54]} {[%emt 00:00:02]} 46. Kb8 {[%clk 00:09:51]} {[%emt 00:00:02]} Kc4
{[%clk 00:08:01]} {[%emt 00:00:03]} 47. Ka7 {[%clk 00:09:59]} {[%emt 00:00:02]}
Qc7 {[%clk 00:07:50]} {[%emt 00:00:21]} 48. Ka8 {[%clk 00:10:07]} {[%emt
00:00:02]} Kd4 {[%clk 00:07:55]} {[%emt 00:00:05]} 49. f3 {[%clk 00:10:10]}
{[%emt 00:00:07]} Ke3 {[%clk 00:07:57]} {[%emt 00:00:08]} 50. b8=R {[%emt
00:00:08]} Qa5+ {[%clk 00:08:05]} {[%emt 00:00:01]} 51. Kb7 {[%clk 00:10:21]}
{[%emt 00:00:03]} Kf2 {[%clk 00:08:10]} {[%emt 00:00:04]} 52. Rh8 {[%clk
00:10:26]} {[%emt 00:00:04]} Kxg2 {[%clk 00:07:56]} {[%emt 00:00:26]} 53. Rxh7
{[%clk 00:10:31]} {[%emt 00:00:04]} Qb5+ {[%clk 00:07:50]} {[%emt 00:00:17]} 54.
Ka7 {[%clk 00:10:38]} {[%emt 00:00:02]} Qd7+ {[%clk 00:07:09]} {[%emt
00:00:52]} 55. Kb6 {[%clk 00:10:44]} {[%emt 00:00:03]} Kxf3 {[%clk 00:07:16]}
{[%emt 00:00:03]} 56. Rh4 {[%clk 00:10:51]} {[%emt 00:00:03]} f5 {[%clk
00:07:13]} {[%emt 00:00:12]} 57. exf5 {[%clk 00:10:46]} {[%emt 00:00:15]} Qd8+
{[%clk 00:07:21]} {[%emt 00:00:02]} 58. Ka7 {[%clk 00:10:50]} {[%emt 00:00:07]}
Qxh4 {[%clk 00:07:29]} {[%emt 00:00:02]} 59. f6 {[%clk 00:10:57]} {[%emt
00:00:03]} Qxf6 {[%clk 00:07:36]} {[%emt 00:00:03]} 60. Ka8 {[%clk 00:11:05]}
{[%emt 00:00:02]} Qe7 {[%clk 00:07:41]} {[%emt 00:00:05]} 61. h4 {[%clk
00:11:13]} {[%emt 00:00:02]} f5 {[%clk 00:07:47]} {[%emt 00:00:03]} 62. h5
{[%clk 00:11:22]} {[%emt 00:00:02]} Ke4 {[%clk 00:07:56]} {[%emt 00:00:02]} 63.
h6 {[%clk 00:11:30]} {[%emt 00:00:01]} Kd5 {[%clk 00:08:04]} {[%emt 00:00:02]}
64. h7 {[%clk 00:11:38]} {[%emt 00:00:02]} Qxh7 {[%clk 00:08:13]} {[%emt
00:00:01]} 65. Kb8 {[%clk 00:11:46]} {[%emt 00:00:02]} Kc6 {[%clk 00:08:21]}
{[%emt 00:00:01]} 66. Ka8 {[%clk 00:11:53]} {[%emt 00:00:03]} Qb7# {[%clk
00:08:01]} {[%emt 00:00:02]} 0-1

[Event "British Rapidplay Championship 2023"]
[Site "Mercure Bradford, Bankfield Hotel"]
[Date "2023.04.16"]
[Round "11.10"]
[White "Deepak Ambattu, Rithvik"]
[Black "Cradock, Samir"]
[Result "1-0"]
[TimeControl "All moves in 15 minutes plus 10 second increment per move from move 1"]
[WhiteElo "1782"]
[BlackElo "1530"]

1. e4 {[%clk 00:15:17]} {[%emt 00:00:02]} e5 {[%clk 00:15:19]} {[%emt
00:00:02]} 2. Nf3 {[%clk 00:15:25]} {[%emt 00:00:02]} Nc6 {[%clk 00:15:28]}
{[%emt 00:00:02]} 3. Bb5 {[%clk 00:15:32]} {[%emt 00:00:03]} a6 {[%clk
00:15:35]} {[%emt 00:00:03]} 4. Ba4 {[%clk 00:15:38]} {[%emt 00:00:02]} b5
{[%clk 00:15:37]} {[%emt 00:00:09]} 5. Bb3 {[%clk 00:15:47]} {[%emt 00:00:01]}
Bc5 {[%clk 00:15:16]} {[%emt 00:00:31]} 6. c3 {[%clk 00:15:46]} {[%emt
00:00:11]} d6 {[%clk 00:15:02]} {[%emt 00:00:24]} 7. d4 {[%clk 00:15:33]}
{[%emt 00:00:23]} exd4 {[%clk 00:14:57]} {[%emt 00:00:15]} 8. cxd4 {[%clk
00:15:38]} {[%emt 00:00:06]} Bb4+ {[%clk 00:14:49]} {[%emt 00:00:18]} 9. Nc3
{[%clk 00:15:26]} {[%emt 00:00:21]} h6 {[%clk 00:14:36]} {[%emt 00:00:22]} 10.
O-O {[%clk 00:15:23]} {[%emt 00:00:13]} Bg4 {[%clk 00:14:41]} {[%emt 00:00:06]}
11. Bd5 {[%clk 00:13:23]} {[%emt 00:02:10]} Nge7 {[%clk 00:14:48]} {[%emt
00:00:03]} 12. a3 {[%clk 00:12:50]} {[%emt 00:00:43]} Ba5 {[%clk 00:14:56]}
{[%emt 00:00:03]} 13. Be3 {[%clk 00:11:48]} {[%emt 00:01:10]} O-O {[%clk
00:14:37]} {[%emt 00:00:30]} 14. Bb3 {[%clk 00:11:53]} {[%emt 00:00:06]} Bb6
{[%clk 00:14:37]} {[%emt 00:00:10]} 15. Rc1 {[%clk 00:10:35]} {[%emt 00:01:28]}
Bxf3 {[%clk 00:13:58]} {[%emt 00:00:49]} 16. gxf3 {[%clk 00:10:41]} {[%emt
00:00:03]} Na5 {[%clk 00:12:25]} {[%emt 00:01:44]} 17. Ba2 {[%clk 00:10:31]}
{[%emt 00:00:20]} Ng6 {[%clk 00:12:13]} {[%emt 00:00:21]} 18. b4 {[%clk
00:10:25]} {[%emt 00:00:17]} Nb7 {[%clk 00:10:45]} {[%emt 00:01:37]} 19. Bd5
{[%clk 00:09:53]} {[%emt 00:00:41]} Rb8 {[%clk 00:10:36]} {[%emt 00:00:20]} 20.
Kh1 {[%clk 00:09:21]} {[%emt 00:00:41]} Kh7 {[%clk 00:10:09]} {[%emt 00:00:38]}
21. Rg1 {[%clk 00:08:41]} {[%emt 00:00:50]} f5 {[%clk 00:09:51]} {[%emt
00:00:28]} 22. Qd3 {[%clk 00:04:59]} {[%emt 00:03:51]} Ne7 {[%clk 00:06:07]}
{[%emt 00:03:54]} 23. Rg2 {[%clk 00:03:05]} {[%emt 00:02:04]} c6 {[%clk
00:03:36]} {[%emt 00:02:42]} 24. exf5 {[%clk 00:02:51]} {[%emt 00:00:24]} Nxf5
{[%clk 00:02:18]} {[%emt 00:01:28]} 25. Be4 {[%clk 00:02:45]} {[%emt 00:00:16]}
Qd7 {[%clk 00:02:01]} {[%emt 00:00:27]} 26. Rcg1 {[%clk 00:02:45]} {[%emt
00:00:10]} g5 {[%clk 00:00:57]} {[%emt 00:01:14]} 27. Bxg5 {[%clk 00:02:30]}
{[%emt 00:00:25]} d5 {[%clk 00:01:00]} {[%emt 00:00:07]} 28. Bxf5+ {[%clk
00:01:18]} {[%emt 00:01:21]} Qxf5 {[%clk 00:01:09]} {[%emt 00:00:02]} 29. Qxf5+
{[%clk 00:01:25]} {[%emt 00:00:03]} Rxf5 {[%clk 00:01:18]} {[%emt 00:00:02]} 30.
Be3 {[%clk 00:01:31]} {[%emt 00:00:03]} Rf7 {[%clk 00:01:16]} {[%emt 00:00:12]}
31. Rg6 {[%clk 00:01:36]} {[%emt 00:00:05]} Rf6 {[%clk 00:00:22]} {[%emt
00:01:05]} 32. Rxf6 {[%clk 00:01:41]} {[%emt 00:00:04]} 1-0

[Event "British Rapidplay Championship 2023"]
[Site "Mercure Bradford, Bankfield Hotel"]
[Date "2023.04.16"]
[Round "11.11"]
[White "Jackson, Sheila"]
[Black "Sisupalan, Beni"]
[Result "1-0"]
[TimeControl "All moves in 15 minutes plus 10 second increment per move from move 1"]
[WhiteElo "2055"]
[BlackElo "1497"]

1. e4 {[%clk 00:15:19]} e5 {[%clk 00:15:19]} {[%emt 00:00:01]} 2. Nf3 {[%clk
00:15:26]} {[%emt 00:00:03]} Nc6 {[%clk 00:15:28]} {[%emt 00:00:02]} 3. Bb5
{[%clk 00:15:32]} {[%emt 00:00:03]} a6 {[%clk 00:15:36]} {[%emt 00:00:02]} 4.
Ba4 {[%clk 00:15:42]} Nf6 {[%clk 00:15:44]} {[%emt 00:00:02]} 5. O-O {[%clk
00:15:44]} {[%emt 00:00:07]} Be7 {[%clk 00:15:15]} {[%emt 00:00:39]} 6. Re1
{[%clk 00:15:49]} {[%emt 00:00:05]} d6 {[%clk 00:15:22]} {[%emt 00:00:03]} 7.
h3 {[%clk 00:15:18]} {[%emt 00:00:42]} b5 {[%clk 00:14:39]} {[%emt 00:00:52]} 8.
Bb3 {[%clk 00:15:26]} {[%emt 00:00:02]} O-O {[%clk 00:14:42]} {[%emt 00:00:08]}
9. c3 {[%clk 00:15:31]} {[%emt 00:00:05]} Bb7 {[%clk 00:14:14]} {[%emt
00:00:38]} 10. d4 {[%clk 00:15:39]} {[%emt 00:00:02]} exd4 {[%clk 00:14:12]}
{[%emt 00:00:12]} 11. cxd4 {[%clk 00:15:48]} {[%emt 00:00:02]} Qd7 {[%clk
00:14:06]} {[%emt 00:00:15]} 12. Nc3 {[%clk 00:15:36]} {[%emt 00:00:22]} Rad8
{[%clk 00:14:01]} {[%emt 00:00:15]} 13. Bf4 {[%clk 00:14:54]} {[%emt 00:00:52]}
Rfe8 {[%clk 00:13:25]} {[%emt 00:00:46]} 14. a3 {[%clk 00:13:56]} {[%emt
00:01:09]} Bf8 {[%clk 00:12:24]} {[%emt 00:01:10]} 15. Bg5 {[%clk 00:13:34]}
{[%emt 00:00:32]} Be7 {[%clk 00:12:07]} {[%emt 00:00:27]} 16. Bf4 {[%clk
00:12:18]} {[%emt 00:01:25]} Bf8 {[%clk 00:12:09]} {[%emt 00:00:08]} 17. Bg5
{[%clk 00:11:05]} {[%emt 00:01:24]} Be7 {[%clk 00:12:16]} {[%emt 00:00:02]} 18.
Rc1 {[%clk 00:09:46]} {[%emt 00:01:30]} h6 {[%clk 00:11:10]} {[%emt 00:01:15]}
19. Bf4 {[%clk 00:09:38]} {[%emt 00:00:18]} Na5 {[%clk 00:07:26]} {[%emt
00:03:54]} 20. Ba2 {[%clk 00:08:43]} {[%emt 00:01:05]} c6 {[%clk 00:05:29]}
{[%emt 00:02:12]} 21. e5 {[%clk 00:08:07]} {[%emt 00:00:42]} Nd5 {[%clk
00:03:36]} {[%emt 00:02:03]} 22. Nxd5 {[%clk 00:07:56]} {[%emt 00:00:21]} cxd5
{[%clk 00:03:43]} {[%emt 00:00:02]} 23. Bb1 {[%clk 00:07:31]} {[%emt 00:00:36]}
Nc4 {[%clk 00:03:05]} {[%emt 00:00:48]} 24. Qc2 {[%clk 00:07:20]} {[%emt
00:00:21]} g6 {[%clk 00:01:48]} {[%emt 00:01:27]} 25. e6 {[%clk 00:07:21]}
{[%emt 00:00:09]} Qc8 {[%clk 00:01:06]} {[%emt 00:00:52]} 26. exf7+ {[%clk
00:07:24]} {[%emt 00:00:07]} Kxf7 {[%clk 00:01:05]} {[%emt 00:00:10]} 27. Qxg6+
{[%clk 00:07:31]} {[%emt 00:00:04]} Kf8 {[%clk 00:01:10]} {[%emt 00:00:05]} 28.
Bxh6# {[%clk 00:07:39]} {[%emt 00:00:02]} 1-0